| 000 | 00537nam a22001937a 4500 | ||
|---|---|---|---|
| 003 | OSt | ||
| 005 | 20140310182149.0 | ||
| 008 | 130830t xxu||||| |||| 00| 0 eng d | ||
| 050 |
_aML 350 _b.P316 1968 |
||
| 082 |
_aHS 781.763 _bM97 1968 |
||
| 245 | _aMusic, dance and drama / | ||
| 260 |
_aEthiopia : _bMinistry of Information, _cc1968. |
||
| 300 |
_a64 p. ; _c22 cm. |
||
| 650 |
_aMusic _xMiscellanea _xEthiopia _915680 |
||
| 650 |
_aTheater _xEthiopia _915681 |
||
| 650 |
_aFolk dancing _xEthiopia _915682 |
||
| 942 | _2lcc | ||
| 999 |
_c9986 _d9986 |
||